Countries Apart From Germany That.... - Statistics

General Stats
  • This quiz has been taken 154 times
  • The average score is 23 of 27
Answer Stats
Answer % Correct
Have hosted at least 3 Olympics France
97%
Were founder members of EU France
97%
Are FIFA World Cup winners France
97%
Have hosted at least 3 Olympics Italy
95%
Were founder members of EU Italy
95%
Are FIFA World Cup winners Italy
95%
Are FIFA World Cup winners Spain
95%
Are FIFA World Cup winners Brazil
94%
Were founder members of EU Netherlands
92%
Have hosted at least 3 Olympics UK
92%
Have hosted at least 3 Olympics USA
92%
Were founder members of EU Belgium
89%
Start with G Greece
89%
Start with G Guinea
89%
Are FIFA World Cup winners Argentina
86%
Have hosted at least 3 Olympics Japan
85%
Start with G Guinea-Bissau
84%
Start with G Gabon
83%
Start with G Guatemala
83%
Start with G Ghana
80%
Start with G Gambia
79%
Have hosted at least 3 Olympics Canada
78%
Start with G Guyana
77%
Were founder members of EU Luxembourg
74%
Start with G Grenada
71%
Are FIFA World Cup winners Uruguay
71%
Start with G Georgia
65%
No matching quizzes found
Score Distribution
Percent of People with Each Score
Percentile by Number Answered
Your Score History
You have not taken this quiz